000 00735cam a2200193 i 4500
005 20260129114313.0
008 250721s1993 ua gr 000 0 ara d
020 _a9789774581007
082 1 4 _a370.956
_bم ح م
100 1 _aالشعراوي، محمد متولي
_eمؤلف.
245 1 2 _aالنصائح الذهبية في التربية الإسلامية /
_cفضيلة الأمام محمد متولي.
264 3 1 _aالقاهرة :
_bدار الروضة للنشر والتوزيع،
_c1993.
300 _a252 صفحة.
650 1 7 _aالتربية الإسلامية.
650 1 7 _aالآداب الإسلامية.
650 1 7 _aالوعظ و الإرشاد.
942 _2ddc
_cBK
999 _c14625
_d14625